|
000
|
00665nam0 2200241 450
|
|
001
|
0199015628
|
|
005
|
20060220141738.17
|
|
010
|
|
@a7-109-05581-7@dCNY2.40
|
|
100
|
|
@a19990323d1999 em y0chiy0121 ea
|
|
101
|
0
|
@achi
|
|
102
|
|
@aCN@b110000
|
|
105
|
|
@ay z 000yy
|
|
200
|
10
|
@a食用蛙的人工养殖技术@Ashi yong wa de ren gong yang zhi ji shu@f罗琛等编著
|
|
210
|
|
@a北京@c中国农业出版社@d1999.03
|
|
215
|
|
@a67页@d19cm
|
|
225
|
2
|
@a九亿农民致富丛书
|
|
410
|
0
|
@120010@a九亿农民致富丛书
|
|
606
|
|
@a蛙类养殖
|
|
690
|
|
@aS966@v3
|
|
692
|
|
@a69.746@v2
|
|
701
|
0
|
@a罗琛@Aluo chen@4编著
|
|
801
|
|
@aCN@bNiSoft@c20060220
|
|
905
|
|
@a10447@dS966@e41
|
|
|
|
|
| |
| 食用蛙的人工养殖技术/罗琛等编著.-北京:中国农业出版社,1999.03 |
| 67页;19cm.-(九亿农民致富丛书) |
| |
| |
| ISBN 7-109-05581-7:CNY2.40 |
| |
| ● |
正题名:食用蛙的人工养殖技术
索取号:S966/41
 
预约/预借
| 序号
|
登录号
|
条形码
|
馆藏地/架位号
|
状态
|
备注
|
|
1
|
16842
|
200168424
|
海科密-1楼/57架11列2层/
[索取号:S966/41]
|
在馆
|
|
|
2
|
16843
|
200168433
|
海科密-1楼/57架11列2层/
[索取号:S966/41]
|
在馆
|
|
|
3
|
16844
|
200168442
|
柳城-4楼/35架7列5层/
[索取号:S966/41]
|
在馆
|
|
|
4
|
16845
|
200168451
|
柳城-4楼/35架7列5层/
[索取号:S966/41]
|
在馆
|
|
|
5
|
16846
|
200168460
|
海科密-1楼/57架11列2层/
[索取号:S966/41]
|
在馆
|
|
|
6
|
16847
|
200168479
|
海科密-1楼/57架11列2层/
[索取号:S966/41]
|
在馆
|
|
|
7
|
16848
|
200168488
|
海科密-1楼/57架11列2层/
[索取号:S966/41]
|
在馆
|
|
|
8
|
16849
|
200168497
|
海科密-1楼/57架11列2层/
[索取号:S966/41]
|
在馆
|
|
|
9
|
16850
|
200168503
|
海科密-1楼/57架11列2层/
[索取号:S966/41]
|
在馆
|
|
|
10
|
16851
|
200168512
|
海科密-1楼/57架11列2层/
[索取号:S966/41]
|
在馆
|
|
|
11
|
16852
|
200168521
|
海科密-1楼/57架11列2层/
[索取号:S966/41]
|
在馆
|
|
|
12
|
16853
|
200168530
|
海科密-1楼/57架11列2层/
[索取号:S966/41]
|
在馆
|
|
|
13
|
16854
|
200168549
|
海科密-1楼/57架11列2层/
[索取号:S966/41]
|
在馆
|
|
|
14
|
16855
|
200168558
|
柳城-4楼/35架7列5层/
[索取号:S966/41]
|
在馆
|
|